Oil wars / (Record no. 4927)
[ view plain ]
| 000 -LEADER | |
|---|---|
| fixed length control field | 01692nac a22003251u 4500 |
| 010 ## - LIBRARY OF CONGRESS CONTROL NUMBER | |
| LC control number | 2007298953 |
| 020 ## - INTERNATIONAL STANDARD BOOK NUMBER | |
| International Standard Book Number | 9780745324791 (hbk.) |
| 020 ## - INTERNATIONAL STANDARD BOOK NUMBER | |
| International Standard Book Number | 0745324797 (hbk.) |
| 020 ## - INTERNATIONAL STANDARD BOOK NUMBER | |
| International Standard Book Number | 0745324789 (pbk.) |
| 020 ## - INTERNATIONAL STANDARD BOOK NUMBER | |
| International Standard Book Number | 9780745324784 (pbk.) |
| 035 ## - SYSTEM CONTROL NUMBER | |
| System control number | (OCoLC)ocm71808233 |
| 035 ## - SYSTEM CONTROL NUMBER | |
| System control number | (OCoLC)71808233 |
| 082 04 - DEWEY DECIMAL CLASSIFICATION NUMBER | |
| Classification number | 338.27282 |
| Item number | K142 |
| 090 ## - LOCALLY ASSIGNED LC-TYPE CALL NUMBER (OCLC); LOCAL CALL NUMBER (OCLC) | |
| -- | 4927 |
| -- | 4927 |
| 100 ## - MAIN ENTRY--PERSONAL NAME | |
| Personal name | 20080729 |
| 245 00 - TITLE STATEMENT | |
| Title | Oil wars / |
| Statement of responsibility, etc | edited by Mary Kaldor, Terry Lynn Karl and Yahia Said. |
| 260 ## - PUBLICATION, DISTRIBUTION, ETC. (IMPRINT) | |
| Place of publication, distribution, etc | London : |
| Name of publisher, distributor, etc | Pluto,2007 |
| Date of publication, distribution, etc | 2007. |
| 300 ## - PHYSICAL DESCRIPTION | |
| Extent | x, 294 p. : |
| Other physical details | ill., maps ; |
| Dimensions | 23 cm. |
| 500 ## - GENERAL NOTE | |
| General note | Includes index. |
| 504 ## - BIBLIOGRAPHY, ETC. NOTE | |
| Bibliography, etc | Includes bibliographical references and index. |
| 505 0# - FORMATTED CONTENTS NOTE | |
| Formatted contents note | Introduction / Mary Kaldor, Terry Lynn Karl and Yahia Said -- Nigeria: political violence, governance and corporate responsibility in a petro-state / Okey Ibeaunu and Robin Luckham -- Drilling in deep water: oil, business and war in Angola / Philippe Le Billon -- Greed and grievance in Chechnya / Yahia Said -- Olid and conflict: the case of Nagorno Karabakh / Mary Kaldor -- The conflict in Aceh: struggle over oil? / Kiersten E. Schulze -- Oil and armed conflict in Casanare, Colombia: complex contexts and contingent moments / Jenny Pearce -- Conclusion / Mary Kaldor and Yahia Said. |
| 650 #0 - SUBJECT ADDED ENTRY--TOPICAL TERM | |
| Topical term or geographic name as entry element | Petroleum industry and trade |
| General subdivision | Political aspects. |
| 650 #0 - SUBJECT ADDED ENTRY--TOPICAL TERM | |
| Topical term or geographic name as entry element | Petroleum reserves. |
| 650 #0 - SUBJECT ADDED ENTRY--TOPICAL TERM | |
| Topical term or geographic name as entry element | War. |
| 700 1# - ADDED ENTRY--PERSONAL NAME | |
| Personal name | Kaldor, Mary. |
| 700 1# - ADDED ENTRY--PERSONAL NAME | |
| Personal name | Karl, Terry Lynn, |
| Dates associated with a name | 1947- |
| 700 1# - ADDED ENTRY--PERSONAL NAME | |
| Personal name | Said, Yahia, |
| Dates associated with a name | 1965- |
| 942 ## - ADDED ENTRY ELEMENTS (KOHA) | |
| Item type | Book - Borrowing |
| Call number prefix | 338.27282K142 |
| Withdrawn status | Item status | Damaged status | Not for loan | Home library | Current library | Shelving location | Date acquired | Source of acquisition | Total Checkouts | Total Renewals | Full call number | Barcode | Date last seen | Date last borrowed | Koha item type |
|---|---|---|---|---|---|---|---|---|---|---|---|---|---|---|---|
| Central Library | Central Library | First floor | 01/10/2007 | Purchase | 7 | 8 | 338.27282 OIL | 000005912 | 15/07/2025 | 10/06/2015 | Book - Borrowing |